[Event "4NCL Online Division 3"]
[Site "online"]
[Date "2020.08.25"]
[Round "1.103"]
[White "Lawson, David"]
[Black "Combie, Alex B"]
[Result "1/2-1/2"]
[WhiteElo "1765"]
[BlackElo "1885"]
[PlyCount "103"]
[EventDate "2020.08.25"]
[WhiteTeam "CSC 4"]
[BlackTeam "Ashfield Anonymous B"]

1. d4 d5 2. c4 Nf6 3. cxd5 Qxd5 4. Nc3 Qd8 5. e4 e5 6. Nf3 exd4 7. Qxd4 Qxd4 8.
Nxd4 Bb4 9. f3 O-O 10. Bd2 Bd7 11. O-O-O Nc6 12. Nc2 Bxc3 13. Bxc3 Be6 14. Bxf6
gxf6 15. Kb1 Rfd8 16. Bb5 f5 17. Bxc6 bxc6 18. Nd4 fxe4 19. Nxe6 fxe6 20. fxe4
Kf7 21. Rhf1+ Ke7 22. Rxd8 Rxd8 23. Kc2 Rd4 24. Rf4 Kd6 25. Rh4 Ke5 26. Rxh7
Rxe4 27. Kd3 Rd4+ 28. Kc3 Re4 29. Rxc7 Re2 30. Rxc6 Rxg2 31. h4 Rh2 32. h5 Kd5
33. Ra6 e5 34. Ra5+ Kd6 35. h6 Rh3+ 36. Kc4 Rh4+ 37. Kd3 Rh3+ 38. Ke4 Rh2 39.
b4 Rh4+ 40. Kf5 e4 41. Ra6+ Kd5 42. Rxa7 Rxh6 43. Rd7+ Kc4 44. Kxe4 Kxb4 45.
Rd3 Rh2 46. a3+ Ka4 47. Kd4 Ra2 48. Kc4 Rc2+ 49. Kd4 Ra2 50. Kc4 Rc2+ 51. Kd4
Ra2 52. Kc4 1/2-1/2

[Event "4NCL Online Division 3"]
[Site "online"]
[Date "2020.08.25"]
[Round "1.104"]
[White "Flynn, David"]
[Black "Usher, Michael E"]
[Result "1-0"]
[WhiteElo "1862"]
[BlackElo "1677"]
[PlyCount "115"]
[EventDate "2020.08.25"]
[WhiteTeam "Ashfield Anonymous B"]
[BlackTeam "CSC 4"]

1. e4 e6 2. d4 d5 3. Nd2 Nf6 4. e5 Nfd7 5. Bd3 c5 6. c3 Nc6 7. Ne2 cxd4 8. cxd4
f6 9. exf6 Nxf6 10. Nf3 Bd6 11. O-O Qc7 12. Bd2 O-O 13. Rc1 a6 14. Re1 Bd7 15.
a3 Rae8 16. Ng3 Qb6 17. Bc3 Qc7 18. Ne5 Re7 19. Bb1 Be8 20. Qd3 g6 21. b4 Qb8
22. Bb2 Bxe5 23. dxe5 Ng4 24. Rc2 Ref7 25. f3 Ngxe5 26. Qe3 d4 27. Bxd4 Nxd4
28. Qxd4 Nc6 29. Qe3 Re7 30. Ba2 Bf7 31. Ne4 e5 32. Bxf7+ Rfxf7 33. Qc5 Nd4 34.
Rc3 Kg7 35. Nd6 Rf6 36. Ne4 Rff7 37. Rce3 Qe8 38. Nd6 Qd7 39. Nxf7 Kxf7 40.
Rxe5 Rxe5 41. Qxe5 Nf5 42. Qe4 Kg7 43. Rc1 Qd2 44. Qe1 Qd4+ 45. Kh1 Qf4 46.
Qc3+ Kh6 47. Re1 Qh4 48. Kg1 Qf4 49. Qc1 Qxc1 50. Rxc1 Nd6 51. Rc7 Nb5 52. Rxb7
Nxa3 53. Rb6 Nc2 54. Kf2 Kg5 55. Ke2 h5 56. Kd2 Nd4 57. Rxa6 Nb5 58. Ra5 1-0

[Event "4NCL Online Division 3"]
[Site "online"]
[Date "2020.08.25"]
[Round "1.111"]
[White "Lawrence, Simon"]
[Black "Dinter, Brian"]
[Result "1/2-1/2"]
[WhiteElo "1772"]
[BlackElo "2074"]
[PlyCount "105"]
[EventDate "2020.08.25"]
[WhiteTeam "Cork"]
[BlackTeam "Stroud Youngies"]

1. d4 d5 2. c4 c6 3. Nc3 e6 4. e3 Nf6 5. Nf3 Nbd7 6. Bd3 dxc4 7. Bxc4 b5 8. Bd3
Bb7 9. O-O a6 10. e4 c5 11. d5 c4 12. dxe6 fxe6 13. Bc2 Qc7 14. Ng5 Nc5 15. e5
Qxe5 16. Re1 Qd6 17. Qxd6 Bxd6 18. Be3 O-O 19. Rad1 Be7 20. Bxc5 Bxc5 21. Nxe6
Rfc8 22. Nxc5 Rxc5 23. Ne4 Nxe4 24. Bxe4 Bxe4 25. Rxe4 Ra7 26. Rf4 h6 27. h4 b4
28. Kh2 c3 29. Rc1 Rd7 30. bxc3 bxc3 31. Rc2 Rd3 32. g3 a5 33. Kg2 Rd2 34. Rxd2
cxd2 35. Rd4 Rc2 36. a4 Kf7 37. Kf3 Ke6 38. Ke3 Rc4 39. Rxd2 Rxa4 40. Kd3 g5
41. hxg5 hxg5 42. Kc3 g4 43. Kb3 Ra1 44. Rd8 Rf1 45. Rf8 Ke5 46. Rf4 Rb1+ 47.
Kc3 Rb4 48. f3 Rxf4 49. gxf4+ Kxf4 50. fxg4 Kxg4 51. Kc4 Kf4 52. Kb5 Ke4 53.
Kxa5 1/2-1/2

[Event "4NCL Online Division 3"]
[Site "online"]
[Date "2020.08.25"]
[Round "1.112"]
[White "Dicks, Duncan"]
[Black "Watkins, Mark R"]
[Result "1-0"]
[WhiteElo "2125"]
[BlackElo "1731"]
[PlyCount "51"]
[EventDate "2020.08.25"]
[WhiteTeam "Stroud Youngies"]
[BlackTeam "Cork"]

1. e4 g6 2. d4 Bg7 3. Be3 d5 4. exd5 Nf6 5. c4 b5 6. Nc3 bxc4 7. Bxc4 O-O 8.
Nf3 Nbd7 9. O-O Nb6 10. b3 Bb7 11. Qd2 Nbxd5 12. Nxd5 Bxd5 13. Ne5 Ne4 14. Qc2
c5 15. Rfd1 cxd4 16. Bxd4 Rc8 17. Nxf7 Rxc4 18. bxc4 Rxf7 19. Bxg7 Kxg7 20.
Rxd5 Qb6 21. c5 Qf6 22. Rf1 Qe6 23. Qb2+ Kh6 24. Re5 Qc4 25. Qc1+ Qxc1 26. Rxc1
1-0

[Event "4NCL Online Division 3"]
[Site "online"]
[Date "2020.08.25"]
[Round "1.113"]
[White "Bradley, Michael"]
[Black "Southcott-Moyers, Indy"]
[Result "0-1"]
[WhiteElo "1427"]
[BlackElo "1667"]
[PlyCount "122"]
[EventDate "2020.08.25"]
[WhiteTeam "Cork"]
[BlackTeam "Stroud Youngies"]

1. e4 c6 2. d4 d5 3. f3 dxe4 4. fxe4 e5 5. Nf3 exd4 6. Bc4 Nf6 7. O-O Be6 8.
Bxe6 fxe6 9. e5 Nd5 10. Ng5 Qe7 11. Nf7 Rg8 12. Bg5 Qc5 13. Kh1 h6 14. Nxh6
gxh6 15. Qh5+ Kd7 16. Qf7+ Be7 17. Qxg8 hxg5 18. Na3 Ne3 19. Rf7 Qxe5 20. Re1
Qd5 21. Rg1 b6 22. Nb1 c5 23. Nd2 Na6 24. Qh7 Re8 25. Ne4 Kd8 26. Nf6 Bxf6 27.
Rxf6 Re7 28. Rf8+ Kd7 29. Qg8 Kc6 30. Rc8+ Nc7 31. Qf8 Rh7 32. Qe8+ Qd7 33. Qg8
Ng4 34. Rf1 Nxh2 35. Kg1 Ng4 36. Rf3 Ne5 37. Rg3 Qf7 38. Qxg5 Rh5 39. Qd2 Rf5
40. Rh8 Rf1+ 41. Kh2 Qf6 42. Rh6 Qf5 43. Rg5 Qe4 44. Rh3 Ng4+ 45. Rxg4 Qxg4 46.
Qd3 Qf4+ 47. Rg3 Re1 48. a4 Re3 49. Qg6 Rxg3 50. Qxg3 Qxg3+ 51. Kxg3 Nd5 52.
Kf3 Ne3 53. g4 Nxg4 54. Kxg4 Kd5 55. Kf3 e5 56. Ke2 e4 57. b3 a6 58. Kd2 b5 59.
a5 c4 60. b4 c3+ 61. Ke2 Kc4 0-1

[Event "4NCL Online Division 3"]
[Site "online"]
[Date "2020.08.25"]
[Round "1.114"]
[White "Edwards, Jacob"]
[Black "Ranade, Akshay"]
[Result "1/2-1/2"]
[WhiteElo "1397"]
[BlackElo "1192"]
[PlyCount "78"]
[EventDate "2020.08.25"]
[WhiteTeam "Stroud Youngies"]
[BlackTeam "Cork"]

1. d4 d5 2. Bf4 Nf6 3. e3 c5 4. c3 Nc6 5. Nd2 Bf5 6. Be2 e6 7. Ngf3 Bd6 8. Ne5
O-O 9. O-O cxd4 10. exd4 Qc7 11. Ndf3 Ne4 12. Nh4 Nxe5 13. dxe5 Bxe5 14. Bxe5
Qxe5 15. Nxf5 Qxf5 16. Bd3 Qf6 17. Bxe4 dxe4 18. Re1 Qe5 19. Qb3 Qd5 20. c4 Qc6
21. Rad1 Rfd8 22. Rxd8+ Rxd8 23. Qc2 Rd4 24. Rd1 e5 25. b3 g6 26. Re1 Kg7 27.
g3 Rd3 28. Qb2 Qc5 29. Rxe4 Rd2 30. Qxe5+ Qxe5 31. Rxe5 Rxa2 32. Re7 b6 33. h4
Ra3 34. Kg2 a5 35. Re3 a4 36. bxa4 Rxa4 37. Rc3 h5 38. c5 bxc5 39. Rxc5 Ra2
1/2-1/2

[Event "4NCL Online Division 3"]
[Site "online"]
[Date "2020.08.25"]
[Round "1.121"]
[White "Allen, John P"]
[Black "Deary, Daniel"]
[Result "1-0"]
[WhiteElo "1922"]
[BlackElo "1833"]
[PlyCount "129"]
[EventDate "2020.08.25"]
[WhiteTeam "Catford Cosmonauts 2"]
[BlackTeam "Alba Bon Accord 2"]

1. e4 c6 2. Nc3 d5 3. Nf3 Bg4 4. h3 Bxf3 5. Qxf3 e6 6. exd5 cxd5 7. Bb5+ Nc6 8.
O-O Bd6 9. d4 Nge7 10. Bf4 O-O 11. Bxd6 Qxd6 12. Rfd1 a6 13. Bxc6 Nxc6 14. Na4
b5 15. Nc3 Qb4 16. a3 Qd6 17. Ne2 Na5 18. a4 b4 19. c3 Rfc8 20. Qd3 Rc6 21.
Rac1 Nc4 22. Rb1 b3 23. Nc1 Rb6 24. Qe2 Qd7 25. Ra1 a5 26. Nd3 f6 27. Re1 Re8
28. Nc5 Qc6 29. Nd3 e5 30. Nc5 e4 31. Rab1 f5 32. Qh5 Qc8 33. Qg5 h6 34. Qh5
Kh7 35. g4 g6 36. Qh4 Nd2 37. Qg3 Nxb1 38. Rxb1 g5 39. gxf5 Rf6 40. Nxb3 Qxf5
41. Nxa5 e3 42. Rf1 e2 43. Re1 Qe4 44. Nb7 Rf3 45. Qg4 Qxg4+ 46. hxg4 Rd3 47.
f3 Rxf3 48. Nd6 Re6 49. Nf5 Rf4 50. Ng3 Rxg4 51. Kf2 Rf4+ 52. Kg2 Re3 53. Rxe2
Rxe2+ 54. Nxe2 Rf6 55. b4 h5 56. a5 Ra6 57. Nc1 Kg6 58. Nb3 g4 59. b5 Ra8 60.
a6 h4 61. Nc5 h3+ 62. Kg3 Rh8 63. Nd3 Kf5 64. b6 h2 65. Nf2 1-0

[Event "4NCL Online Division 3"]
[Site "online"]
[Date "2020.08.25"]
[Round "1.122"]
[White "Jennings, Richard"]
[Black "Helsby, David C"]
[Result "1-0"]
[WhiteElo "1872"]
[BlackElo "1810"]
[PlyCount "115"]
[EventDate "2020.08.25"]
[WhiteTeam "Alba Bon Accord 2"]
[BlackTeam "Catford Cosmonauts 2"]

1. d4 f5 2. Nc3 Nf6 3. Bg5 d5 4. e3 e6 5. h3 Be7 6. g4 c6 7. Bd3 O-O 8. gxf5
exf5 9. Nge2 Ne4 10. Bxe7 Qxe7 11. Bxe4 fxe4 12. Nf4 Qh4 13. Qd2 Na6 14. O-O-O
Bd7 15. Rhg1 Kh8 16. Rg3 Rf7 17. Rdg1 Raf8 18. Rg5 Qh6 19. Rh5 Qf6 20. Ng6+ Kg8
21. Nxf8 Rxf8 22. Rhg5 g6 23. h4 Qxf2 24. Qxf2 Rxf2 25. Nd1 Rh2 26. h5 Be8 27.
hxg6 Bxg6 28. a3 Nc7 29. R5g2 Rxg2 30. Rxg2 Ne6 31. Nf2 Ng7 32. Ng4 Nf5 33. Kd2
Nh4 34. Rg3 Nf3+ 35. Ke2 Kf7 36. Ne5+ Nxe5 37. dxe5 Ke6 38. Rg5 b6 39. Kf2 c5
40. Kg3 b5 41. Kf4 a5 42. c3 a4 43. Rg1 c4 44. Rh1 Bf5 45. Rh6+ Bg6 46. Rh1 Bf5
47. Rg1 Bg6 48. Rf1 Bh5 49. Kg5 Bf3 50. Kh6 Kxe5 51. Kxh7 Kf5 52. Kg7 Kg4 53.
Rg1+ Kh3 54. Kf6 Bg2 55. Ke5 Kg3 56. Kxd5 Kf2 57. Rxg2+ Kxg2 58. Kxe4 1-0

[Event "4NCL Online Division 3"]
[Site "online"]
[Date "2020.08.25"]
[Round "1.123"]
[White "Alvares, Owen"]
[Black "Mitchell, Jeremy J"]
[Result "1/2-1/2"]
[WhiteElo "1810"]
[BlackElo "1872"]
[PlyCount "137"]
[EventDate "2020.08.25"]
[WhiteTeam "Catford Cosmonauts 2"]
[BlackTeam "Alba Bon Accord 2"]

1. e4 c6 2. Nf3 d5 3. exd5 cxd5 4. d4 Nc6 5. c3 Nf6 6. Bf4 Qb6 7. b4 a6 8. Nbd2
e6 9. a4 Be7 10. Bd3 Bd7 11. h3 Rc8 12. Rc1 O-O 13. O-O Nxb4 14. cxb4 Rxc1 15.
Qxc1 Bxa4 16. Qb2 Qxb4 17. Qxb4 Bxb4 18. Rb1 a5 19. Nb3 b6 20. Bc7 Nd7 21. Ne5
Rc8 22. Nxd7 Rxc7 23. Nxb6 Be8 24. Nc5 Bxc5 25. dxc5 Rxc5 26. Na4 Rc8 27. Ra1
f5 28. Kf1 Kf7 29. Ke2 Kf6 30. Kd2 e5 31. f3 e4 32. fxe4 dxe4 33. Be2 g5 34.
Ra3 Ke5 35. Nc3 Rc5 36. Na4 Rd5+ 37. Kc2 f4 38. Nb2 Bb5 39. Bxb5 Rxb5 40. Nc4+
Kd4 41. Nxa5 h5 42. Nc6+ Kd5 43. Na5 g4 44. Nb3 f3 45. gxf3 exf3 46. hxg4 hxg4
47. Nd2 Ke5 48. Nxf3+ gxf3 49. Rxf3 Ke4 50. Rh3 Rc5+ 51. Kd2 Ra5 52. Rh4+ Kf3
53. Rh3+ Kg4 54. Rh8 Ra2+ 55. Ke3 Ra3+ 56. Ke4 Ra4+ 57. Kd5 Ra5+ 58. Kc4 Ra4+
59. Kb3 Ra7 60. Rf8 Rb7+ 61. Kc4 Rc7+ 62. Kd5 Rd7+ 63. Ke6 Rd1 64. Ke5 Re1+ 65.
Kd4 Rd1+ 66. Ke4 Re1+ 67. Kd4 Rd1+ 68. Ke4 Re1+ 69. Kd4 1/2-1/2

[Event "4NCL Online Division 3"]
[Site "online"]
[Date "2020.08.25"]
[Round "1.124"]
[White "Brennan, J Ross"]
[Black "Sedykh, Stakhey"]
[Result "1/2-1/2"]
[WhiteElo "1634"]
[BlackElo "1780"]
[PlyCount "38"]
[EventDate "2020.08.25"]
[WhiteTeam "Alba Bon Accord 2"]
[BlackTeam "Catford Cosmonauts 2"]

1. d4 d5 2. c4 c6 3. cxd5 cxd5 4. Nc3 Nf6 5. Bf4 Bf5 6. e3 a6 7. Bd3 Bxd3 8.
Qxd3 e6 9. Nf3 Be7 10. O-O Nc6 11. Rac1 O-O 12. Ne5 Rc8 13. Qe2 Nxe5 14. Bxe5
Nd7 15. Bg3 Nb6 16. Rc2 Nc4 17. Rfc1 Bb4 18. Nb1 Qd7 19. h3 b5 1/2-1/2

[Event "4NCL Online Division 3"]
[Site "online"]
[Date "2020.08.25"]
[Round "1.131"]
[White "Broom, Mark"]
[Black "Freeman, Richard C P"]
[Result "1-0"]
[WhiteElo "2117"]
[BlackElo "2016"]
[PlyCount "105"]
[EventDate "2020.08.25"]
[WhiteTeam "Horsham 1"]
[BlackTeam "MK Phoenix 2"]

1. c4 g6 2. g3 Bg7 3. Bg2 e5 4. Nc3 d6 5. d3 Nc6 6. e4 f5 7. Nge2 Nf6 8. O-O
O-O 9. Nd5 Ne7 10. Nxe7+ Qxe7 11. exf5 gxf5 12. d4 c6 13. Bg5 Qf7 14. c5 Ne4
15. Bh4 exd4 16. cxd6 Nxd6 17. Nxd4 f4 18. Bg5 Nf5 19. Ne2 f3 20. Bxf3 Bxb2 21.
Rb1 Nd4 22. Bg2 Nxe2+ 23. Qxe2 Bf6 24. Bxf6 Qxf6 25. Rb4 Qg7 26. Rfb1 Rb8 27.
Bxc6 Bf5 28. Rxb7 Rxb7 29. Rxb7 Qa1+ 30. Kg2 Rc8 31. Bd5+ Kh8 32. Qb2+ Qxb2 33.
Rxb2 Rc7 34. Rb7 Rxb7 35. Bxb7 Kg7 36. Kf3 Kf6 37. Be4 Be6 38. Bxh7 Bxa2 39. h4
Bb3 40. Ke3 a5 41. Kd2 Ke5 42. Bc2 Bd5 43. h5 Bf3 44. h6 Kf6 45. Kc3 Bd5 46.
Kd4 Bc6 47. Kc5 Be8 48. f4 Bd7 49. Kd6 Be8 50. g4 a4 51. g5+ Kf7 52. Kc5 Bd7
53. Kb4 1-0

[Event "4NCL Online Division 3"]
[Site "online"]
[Date "2020.08.25"]
[Round "1.132"]
[White "Brown, Alan M"]
[Black "Roberts, David N"]
[Result "0-1"]
[WhiteElo "2008"]
[BlackElo "1982"]
[PlyCount "68"]
[EventDate "2020.08.25"]
[WhiteTeam "MK Phoenix 2"]
[BlackTeam "Horsham 1"]

1. d4 Nf6 2. c4 c5 3. d5 e6 4. Nc3 exd5 5. cxd5 d6 6. e4 g6 7. Be2 Bg7 8. Nf3
O-O 9. O-O a6 10. a4 Bg4 11. Nd2 Bxe2 12. Qxe2 Nbd7 13. Nc4 Nb6 14. Be3 Nxc4
15. Qxc4 Ng4 16. Bf4 Qf6 17. Bg3 h5 18. h3 Ne5 19. Qe2 Nd7 20. f4 Qd4+ 21. Kh1
Rae8 22. Rad1 Qb4 23. f5 Ne5 24. f6 Bh6 25. Bf4 Kh7 26. Bxh6 Kxh6 27. Qd2+ Kh7
28. Rb1 b5 29. axb5 axb5 30. b3 Ra8 31. Qc2 Ra5 32. Ra1 Rfa8 33. Rxa5 Qxa5 34.
Qe2 Qxc3 0-1

[Event "4NCL Online Division 3"]
[Site "online"]
[Date "2020.08.25"]
[Round "1.133"]
[White "Taylor, Alex B"]
[Black "Elwin, Adrian G"]
[Result "1/2-1/2"]
[WhiteElo "1922"]
[BlackElo "1982"]
[PlyCount "74"]
[EventDate "2020.08.25"]
[WhiteTeam "Horsham 1"]
[BlackTeam "MK Phoenix 2"]

1. e4 c6 2. d4 d5 3. e5 Bf5 4. Nf3 e6 5. Be2 c5 6. c3 Nc6 7. O-O Qb6 8. a3 c4
9. Nbd2 Be7 10. b3 cxb3 11. Qxb3 Qxb3 12. Nxb3 f6 13. exf6 Nxf6 14. Nh4 Bc2 15.
Nd2 Ne4 16. Nxe4 Bxe4 17. Nf3 O-O 18. Re1 h6 19. Bd1 Rf6 20. Nd2 Bf5 21. Bb2
Bd6 22. Bb3 Na5 23. Ba2 b5 24. Bb1 Nc4 25. Nxc4 bxc4 26. a4 Rb8 27. Bxf5 exf5
28. Re2 Rb3 29. Kf1 Kf7 30. Rae1 a6 31. g3 f4 32. Kg1 fxg3 33. fxg3 a5 34. Kg2
Ba3 35. Ba1 Bd6 36. Bb2 Ba3 37. Ba1 Bd6 1/2-1/2

[Event "4NCL Online Division 3"]
[Site "online"]
[Date "2020.08.25"]
[Round "1.134"]
[White "Williamson, Kevin J"]
[Black "Ashby, Nicholas G"]
[Result "1-0"]
[WhiteElo "1859"]
[BlackElo "1862"]
[PlyCount "103"]
[EventDate "2020.08.25"]
[WhiteTeam "MK Phoenix 2"]
[BlackTeam "Horsham 1"]

1. d4 d5 2. Nf3 c6 3. e3 Nf6 4. Bd3 Bg4 5. c4 e6 6. Qb3 Qc7 7. Nc3 Bxf3 8. gxf3
a5 9. Bd2 a4 10. Nxa4 dxc4 11. Bxc4 b5 12. Bxb5 cxb5 13. Qxb5+ Qd7 14. Nc3 Nc6
15. b3 Ba3 16. Na4 Rb8 17. Qe2 O-O 18. O-O e5 19. dxe5 Nxe5 20. Bc3 Ng6 21.
Bxf6 gxf6 22. Rad1 Qh3 23. Kh1 Kh8 24. Rg1 Rbd8 25. Nb6 Bd6 26. f4 Qe6 27. Qc4
Qe7 28. Nd5 Qb7 29. Qd4 Be7 30. f3 Qc6 31. b4 Rfe8 32. e4 Nxf4 33. Nxe7 Rxd4
34. Nxc6 Rc4 35. b5 Nh3 36. Rg2 Nf4 37. Rgd2 Nh3 38. Kg2 Nf4+ 39. Kf2 Re6 40.
Nd4 Rb6 41. Nf5 h5 42. Nd6 Rc7 43. a4 Nh3+ 44. Kg3 Ng5 45. a5 Rxd6 46. Rxd6 Rc3
47. R6d3 Rc5 48. Rb3 f5 49. exf5 Rxf5 50. a6 Ne6 51. a7 Nc7 52. Rd8+ 1-0

[Event "4NCL Online Division 3"]
[Site "online"]
[Date "2020.08.25"]
[Round "1.141"]
[White "Silva Pena, Angel David"]
[Black "Pickup, Ian R"]
[Result "1-0"]
[WhiteElo "1892"]
[BlackElo "1810"]
[PlyCount "41"]
[EventDate "2020.08.25"]
[WhiteTeam "Wimbledon 2"]
[BlackTeam "Downend 2"]

1. e4 c5 2. Nf3 d6 3. d4 cxd4 4. Nxd4 Nf6 5. Nc3 a6 6. Bg5 e6 7. f4 Be7 8. Qf3
Qc7 9. O-O-O b5 10. e5 Bb7 11. Qg3 dxe5 12. fxe5 Nh5 13. Qh4 Bxg5+ 14. Qxg5 g6
15. Bxb5+ axb5 16. Ndxb5 Qb6 17. Nd6+ Kf8 18. Rhf1 f5 19. exf6 Nd7 20. Qh6+ Kg8
21. f7# 1-0

[Event "4NCL Online Division 3"]
[Site "online"]
[Date "2020.08.25"]
[Round "1.142"]
[White "Tipper, David I"]
[Black "Carpenter, Stephen C D"]
[Result "0-1"]
[WhiteElo "1780"]
[BlackElo "1870"]
[PlyCount "106"]
[EventDate "2020.08.25"]
[WhiteTeam "Downend 2"]
[BlackTeam "Wimbledon 2"]

1. e4 c5 2. Nf3 d6 3. d4 cxd4 4. Nxd4 Nf6 5. Nc3 a6 6. Bg5 e6 7. f4 Be7 8. Qf3
Nbd7 9. O-O-O Qc7 10. g4 h6 11. Bh4 g5 12. fxg5 Ne5 13. Qe2 Nfxg4 14. Rg1 hxg5
15. Bg3 Bd7 16. h3 Nh6 17. Bg2 O-O-O 18. Kb1 f6 19. Bxe5 dxe5 20. Nb3 Kb8 21.
a3 Bxa3 22. Rd3 Be7 23. Rgd1 Nf7 24. Qe3 Bc6 25. Nc5 Bxc5 26. Qxc5 Rxd3 27.
Rxd3 Rd8 28. Rxd8+ Qxd8 29. Qf2 Nd6 30. Qc5 Qc7 31. Qe3 Nc4 32. Qc5 Nd6 33. Qe3
Qe7 34. Qg3 Nc4 35. b3 Qb4 36. Nd1 Nd2+ 37. Kb2 Nxe4 38. Qe3 Qd4+ 39. c3 Qxe3
40. Nxe3 Nd6 41. Bf1 Kc7 42. Ng4 Ne8 43. Kc2 Kd6 44. Kd3 f5 45. Ne3 b5 46. b4
Nf6 47. Be2 e4+ 48. Kd2 f4 49. Nf1 Bd5 50. Nh2 e3+ 51. Ke1 Bg2 52. Bg4 Nxg4 53.
hxg4 Ke5 0-1

[Event "4NCL Online Division 3"]
[Site "online"]
[Date "2020.08.25"]
[Round "1.143"]
[White "Slonczuk, Pawel"]
[Black "Benkhoucha, Samy"]
[Result "1-0"]
[WhiteElo "1667"]
[BlackElo "1615"]
[PlyCount "69"]
[EventDate "2020.08.25"]
[WhiteTeam "Wimbledon 2"]
[BlackTeam "Downend 2"]

1. d4 d5 2. c4 c6 3. Nc3 Nf6 4. Nf3 e6 5. Bg5 Nbd7 6. Qc2 dxc4 7. e4 b5 8. e5
h6 9. Bh4 g5 10. Bg3 Nd5 11. Be2 Bb4 12. O-O Bxc3 13. bxc3 Bb7 14. Nd2 h5 15.
h3 c5 16. Ne4 Kf8 17. Qd2 cxd4 18. cxd4 h4 19. Bh2 Rg8 20. f4 Nxf4 21. Bxf4
Bxe4 22. Be3 a5 23. Bh5 Rg7 24. Bxf7 Rxf7 25. Bxg5 Qe8 26. Bh6+ Kg8 27. Qg5+
Kh8 28. Qxh4 Rxf1+ 29. Rxf1 Qg6 30. Bg5+ Kg8 31. Rf4 Bf5 32. g4 Bd3 33. Bf6 Rf8
34. Qh8+ Kf7 35. Bg7+ 1-0

[Event "4NCL Online Division 3"]
[Site "online"]
[Date "2020.08.25"]
[Round "1.144"]
[White "Walsh, Shaun"]
[Black "Blackburn, Andrew J"]
[Result "1/2-1/2"]
[WhiteElo "1390"]
[BlackElo "1645"]
[PlyCount "125"]
[EventDate "2020.08.25"]
[WhiteTeam "Downend 2"]
[BlackTeam "Wimbledon 2"]

1. e4 e5 2. Nf3 Nc6 3. Bb5 a6 4. Ba4 Nf6 5. Qe2 b5 6. Bb3 Be7 7. O-O d6 8. c3
Bg4 9. Rd1 Na5 10. Bc2 c5 11. h3 Bh5 12. d3 O-O 13. Nbd2 h6 14. Nf1 Nc6 15. Ng3
Bg6 16. Nh4 Bh7 17. Nhf5 Re8 18. Be3 Bf8 19. Qd2 Ne7 20. Nxe7+ Qxe7 21. Bb3
Rad8 22. a4 d5 23. axb5 axb5 24. Qc2 dxe4 25. dxe4 c4 26. Ba2 Qb7 27. Bb1 Nd7
28. b3 Nc5 29. bxc4 bxc4 30. f3 Nd3 31. Ba2 Qc6 32. Rab1 Bc5 33. Bxc5 Qxc5+ 34.
Kh2 Nf4 35. Rxd8 Rxd8 36. Rd1 Nd3 37. Bb1 Bg6 38. Qe2 Qb5 39. Nh1 Rd7 40. Nf2
Nxf2 41. Rxd7 Qxd7 42. Qxf2 Qd1 43. Ba2 Qd3 44. Qc5 Qxc3 45. Bxc4 Qd4 46. Qc8+
Kh7 47. Bd5 Qe3 48. Qc7 Qf4+ 49. Kg1 h5 50. Kf2 h4 51. Qe7 Qg3+ 52. Kg1 Qf4 53.
Kf2 Qg3+ 54. Kg1 Qf4 55. Kf1 Qc1+ 56. Kf2 Qf4 57. Kg1 Qe3+ 58. Kh2 Qf4+ 59. Kg1
Qg3 60. Kf1 Qf4 61. Kg1 Qg3 62. Kf1 Qf4 63. Kg1 1/2-1/2

[Event "4NCL Online Division 3"]
[Site "online"]
[Date "2020.08.25"]
[Round "1.151"]
[White "Maciol, Ryszard"]
[Black "Rathbone-Jones, Ifan"]
[Result "0-1"]
[WhiteElo "2147"]
[BlackElo "2095"]
[PlyCount "66"]
[EventDate "2020.08.25"]
[WhiteTeam "Celtic Tigers"]
[BlackTeam "Fischer's Catch"]

1. d4 d5 2. c4 c6 3. cxd5 cxd5 4. Bf4 Nc6 5. e3 Bf5 6. Nc3 Nf6 7. Bb5 e6 8. Nf3
Be7 9. Ne5 Rc8 10. Nxc6 bxc6 11. Ba6 Rb8 12. Bxb8 Qxb8 13. Qe2 Bd6 14. h3 h5
15. O-O g5 16. Bd3 Bxd3 17. Qxd3 g4 18. h4 g3 19. fxg3 Ng4 20. e4 Bxg3 21. e5
Bxh4 22. b4 Bg5 23. Rae1 f5 24. b5 cxb5 25. Nxd5 Qd8 26. Qxb5+ Kf7 27. Qb7+ Kg6
28. Rxf5 exf5 29. e6 Rh7 30. e7 Bxe7 31. Nf4+ Kh6 32. Qxa7 Bf6 33. Qa4 Ra7 0-1

[Event "4NCL Online Division 3"]
[Site "online"]
[Date "2020.08.25"]
[Round "1.152"]
[White "Sivarajasingam, Shayanna"]
[Black "Pedersen, Carsten"]
[Result "0-1"]
[WhiteElo "1952"]
[BlackElo "2185"]
[PlyCount "88"]
[EventDate "2020.08.25"]
[WhiteTeam "Fischer's Catch"]
[BlackTeam "Celtic Tigers"]

1. e4 e6 2. d4 d5 3. e5 c5 4. c3 Qb6 5. Nf3 Nc6 6. a3 Nh6 7. b4 cxd4 8. cxd4
Nf5 9. Be3 f6 10. exf6 gxf6 11. Bd3 Nxe3 12. fxe3 Bh6 13. Qe2 a5 14. b5 Ne7 15.
Nbd2 e5 16. dxe5 fxe5 17. Nxe5 O-O 18. Ng4 Bxg4 19. Qxg4+ Kh8 20. Qd4+ Qxd4 21.
exd4 Rae8 22. O-O-O Rc8+ 23. Kb1 Rf2 24. Nf3 Rc3 25. a4 Rb3+ 26. Ka1 Ra3+ 27.
Kb1 Raa2 28. Nd2 Raxd2 29. Rxd2 Rxd2 30. Bc2 Rxd4 31. Re1 Rb4+ 32. Ka2 Bg5 33.
Rf1 Kg7 34. h3 Bf6 35. Bxh7 Rxa4+ 36. Kb3 Rb4+ 37. Ka3 Rxb5 38. Bd3 Rb4 39. g3
Nc6 40. h4 Nd4 41. h5 Rb3+ 42. Ka2 Rxd3 43. Rb1 b5 44. g4 Rd2+ 0-1

[Event "4NCL Online Division 3"]
[Site "online"]
[Date "2020.08.25"]
[Round "1.153"]
[White "Skulte, Christopher"]
[Black "Sivarajasingam, Venetia"]
[Result "0-1"]
[WhiteElo "2055"]
[BlackElo "2020"]
[PlyCount "53"]
[EventDate "2020.08.25"]
[WhiteTeam "Celtic Tigers"]
[BlackTeam "Fischer's Catch"]

1. e4 e6 2. d4 d5 3. Nd2 dxe4 4. Nxe4 Nd7 5. Nf3 Ngf6 6. Bd3 Nxe4 7. Bxe4 Nf6
8. Bd3 c5 9. O-O Be7 10. dxc5 Bxc5 11. Bg5 O-O 12. c3 b6 13. Qc2 h6 14. Bh4 Bb7
15. Rad1 Qe7 16. Rfe1 Rad8 17. Bb5 Rxd1 18. Rxd1 Rd8 19. Ne5 Rd5 20. Rxd5 exd5
21. Ng4 Qe1+ 22. Bf1 Ba6 23. h3 Qxf1+ 24. Kh2 Bd6+ 25. g3 Nxg4+ 26. hxg4 Bd3
27. Qd2 0-1

[Event "4NCL Online Division 3"]
[Site "online"]
[Date "2020.08.25"]
[Round "1.154"]
[White "Fraser, Susanna"]
[Black "Kitchen, Peter J"]
[Result "1-0"]
[WhiteElo "1810"]
[BlackElo "1870"]
[PlyCount "67"]
[EventDate "2020.08.25"]
[WhiteTeam "Fischer's Catch"]
[BlackTeam "Celtic Tigers"]

1. d4 d5 2. Bf4 Nf6 3. e3 c5 4. c3 Nc6 5. Nd2 Bf5 6. Ngf3 Qb6 7. Qc1 e6 8. Be2
h6 9. Bg3 Be7 10. O-O O-O 11. Bd1 Rac8 12. dxc5 Bxc5 13. Bc2 Bxc2 14. Qxc2 Rfd8
15. Rad1 Bd6 16. Qb1 Bxg3 17. hxg3 e5 18. Nb3 a5 19. Rc1 a4 20. Nbd2 e4 21. Nd4
Ne5 22. b3 Qa6 23. c4 dxc4 24. Nxe4 Nxe4 25. Qxe4 Nd3 26. Rc3 Qa5 27. Rxc4 Rxc4
28. bxc4 Qc3 29. Nb5 Qb2 30. a3 Nc5 31. Qe7 Rc8 32. Na7 Rb8 33. Qxc5 Qd4 34.
Qxd4 1-0

[Event "4NCL Online Division 3"]
[Site "online"]
[Date "2020.08.25"]
[Round "1.161"]
[White "Smith, Martin G"]
[Black "McDonald, Sean O"]
[Result "1-0"]
[WhiteElo "1960"]
[BlackElo "1907"]
[PlyCount "121"]
[EventDate "2020.08.25"]
[WhiteTeam "Streatham B"]
[BlackTeam "Chessmates"]

1. d4 Nf6 2. Nf3 d6 3. c4 g6 4. Nc3 Bg7 5. e4 O-O 6. h3 c6 7. Bg5 Nbd7 8. Be2
Re8 9. e5 dxe5 10. dxe5 Nh5 11. g4 h6 12. Be3 Ng3 13. fxg3 Nxe5 14. Qxd8 Rxd8
15. O-O Be6 16. Nxe5 Bxe5 17. Bxh6 Bxg3 18. Rad1 Bc7 19. Be3 a5 20. Rxd8+ Rxd8
21. Rd1 Re8 22. Kg2 f6 23. Na4 Kf7 24. Kf3 Bd6 25. Nc5 Bc8 26. Ne4 Be5 27. b3
Rh8 28. Bf1 Bc7 29. c5 Be6 30. Nc3 Be5 31. Bd4 Bc7 32. Kg2 Kg7 33. Re1 Kf7 34.
Bc4 Bxc4 35. bxc4 Rd8 36. Rd1 e5 37. Be3 Ke6 38. Rxd8 Bxd8 39. h4 f5 40. gxf5+
gxf5 41. h5 f4 42. Bd2 Kf5 43. Kf3 Kg5 44. Ne4+ Kxh5 45. Nd6 b6 46. Nf7 Bc7 47.
cxb6 Bxb6 48. Nxe5 c5 49. Nd7 Bc7 50. Bxf4 Bxf4 51. Kxf4 Kg6 52. Nxc5 Kf6 53.
Ke4 Ke7 54. Kd5 Kd8 55. Kc6 Kc8 56. Na6 a4 57. c5 a3 58. Kb6 Kd8 59. c6 Kc8 60.
c7 Kd7 61. Kb7 1-0

[Event "4NCL Online Division 3"]
[Site "online"]
[Date "2020.08.25"]
[Round "1.162"]
[White "Tomlinson, Zak"]
[Black "Phillips, Owen S"]
[Result "0-1"]
[WhiteElo "1772"]
[BlackElo "1871"]
[PlyCount "50"]
[EventDate "2020.08.25"]
[WhiteTeam "Chessmates"]
[BlackTeam "Streatham B"]

1. e4 c6 2. d4 d6 3. c4 g6 4. Nc3 Bg7 5. Nf3 Bg4 6. Be2 Nd7 7. h3 Bxf3 8. Bxf3
a6 9. Be3 e5 10. d5 c5 11. Qd2 h6 12. O-O Ne7 13. Be2 Qc7 14. f4 f5 15. fxe5
Nxe5 16. Rab1 fxe4 17. Nxe4 Nf5 18. Bf2 O-O 19. g4 Nd4 20. Bxd4 cxd4 21. b3 d3
22. Rxf8+ Rxf8 23. Bd1 Qb6+ 24. Kg2 Nxc4 25. Qxd3 Ne3+ 0-1